| LDR | 00000nam c2200205 c 4500 | |
|---|---|---|
| 001 | 000000287733 | |
| 005 | 20211103151254 | |
| 007 | ta | |
| 008 | 211013s2021 ggk 000af kor | |
| 020 | ▼a 9788954682152 ▼g 03810 : ▼c \14000 | |
| 040 | ▼a 248032 ▼c 248032 ▼d 248032 | |
| 049 | 0 | ▼l EM105468 |
| 056 | ▼a 813.6 ▼2 4 | |
| 090 | ▼a 813.6 ▼b 한12ㅈ | |
| 245 | 00 | ▼a 작별하지 않는다 : ▼b 한강 장편소설 / ▼d 지은이: 한강 |
| 250 | ▼a 1판 | |
| 260 | ▼a 파주 : ▼b 문학동네, ▼c 2021 | |
| 300 | ▼a 329 p. ; ▼c 20 cm | |
| 490 | 10 | ▼a 문학동네 장편소설 |
| 653 | ▼a 한국소설 ▼a 한국문학 ▼a 작별 ▼a 이별 ▼a 장편소설 | |
| 700 | 0 | ▼a 한강, ▼e 저 |
| 950 | 0 | ▼b \14000 |
| 990 | ▼a 관리자2 ▼b 관리자2 |